|
|
|
|
| LEADER |
00000nam a22000007a 4500 |
| 005 |
20220720002240.0 |
| 007 |
cr|||| |||| |
| 008 |
220720s2017 br |||||s|||| 00||0 por d |
| 020 |
|
|
|a 978-85-93741-03-6
|
| 035 |
|
|
|a 36742
|
| 040 |
|
|
|a vLex
|
| 090 |
|
|
|c 13606
|d 13606
|
| 100 |
1 |
|
|a Bodin de Moraes, Maria Celina
|
| 245 |
1 |
0 |
|a Danos ° Pessoa Humana
|h [Recurso electrn̤ico] :
|b Uma Leitura Civil-Constitucional dos Danos Morais /
|c Maria Celina Bodin de Moraes
|
| 256 |
|
|
|a Servicio en ln̕ea
|
| 260 |
|
|
|a Rio de Janeiro:
|b Editora Processo,
|c 2017
|
| 300 |
|
|
|a 1 recurso electrn̤ico
|
| 500 |
|
|
|a O leitor tem nas môs uma obra extraordinr̀ia. Com Danos ̉Pessoa Humana - Uma Leitura Civil - Constitucional dos Danos Morais, surge finalmente uma proposta original de reconstruȯ̂ da responsabilidade civil, rompendo-se com lg̤ica individualista pela qual se pretende, com inquietante frequn̊cia, interpretar e aplicar o arsenal normativo de uma ordem pb︢lica solidarista, submetida ao ditado constitucional e, portanto, antagonista e inteiramente avessa ao instrumento ter̤ico do passado.
|
| 506 |
1 |
|
|a Disponible solo en los productos indicados
|d vLex Global
|d vLex Global (Academic Edition, excluding Law Schools)
|d vLex Global (U.S. Academic Edition, Law Schools)
|d vLex Global (U.S. Academic Edition, excluding Law Schools)
|d vLex Global (Academic Edition, Law Schools)
|
| 650 |
0 |
4 |
|a Derecho Civil
|z Brasil
|
| 650 |
0 |
4 |
|a Persona
|z Brasil
|
| 650 |
0 |
4 |
|a Derecho Constitucional
|z Brasil
|
| 740 |
0 |
|
|a vLex Libros (Servicio en ln̕ea)
|
| 856 |
4 |
0 |
|u https://app.vlex.com/#/sources/36742
|z Acceso restringido
|
| 942 |
|
|
|c BOOK
|
| 999 |
0 |
|
|a Civil Law
|
| 999 |
0 |
|
|a Person
|
| 999 |
0 |
|
|a Constitutional Law
|